| 000 | 00642nam a2200241Ia 4500 | ||
|---|---|---|---|
| 003 | OSt | ||
| 005 | 20220918184740.0 | ||
| 006 | a|||||r|||| 00| 0 | ||
| 007 | ta | ||
| 008 | 220917b |||||||| |||| 00| 0 eng d | ||
| 024 | _a47,925 | ||
| 037 | _cTextual | ||
| 040 |
_aARTS _cARTS _beng |
||
| 041 |
_2eng _aeng |
||
| 082 | _aP0aRz7, H9 (TTR) | ||
| 100 | _aBlack Max | ||
| 245 | 0 |
_aLanguage and philosophy _b Studies in method |
|
| 260 |
_aIthaca _bCornell Univ Press _c1949 |
||
| 300 |
_axiii,264p. _ccm. |
||
| 650 | _aLINGUISTICS | ||
| 942 |
_hP0aRz7, H9 (TTR) _cTEXL _2CC |
||
| 999 |
_c177674 _d177674 |
||